[Event "Fagernes op"]
[Site "Fagernes"]
[Date "2024.03.30"]
[Round "8"]
[White "Abdrlauf, Elham"]
[Black "Ghasi, Ameet K"]
[Result "1/2-1/2"]
[WhiteElo "2567"]
[BlackElo "2485"]
[PlyCount "99"]
[EventDate "2024.03.24"]
[EventType "swiss"]
[EventRounds "9"]
[EventCountry "NOR"]
[SourceTitle "CB14_2024"]
[SourceDate "2024.04.01"]
[SourceVersion "1"]
[SourceVersionDate "2024.04.01"]
[SourceQuality "1"]

1. e4 c5 2. Nf3 e6 3. d4 cxd4 4. Nxd4 Nf6 5. Nc3 Nc6 6. Ndb5 Bc5 7. Bf4 0-0 8. Bc7 Qe7 9. Bd6 Bxd6 10. Qxd6 Qd8 11. 0-0-0 a6 12. Nd4 Ne7 13. h4 b5 14. Nb3 Ne8 15. Qd2 Qc7 16. a3 Rb8 17. h5 d6 18. h6 g6 19. Kb1 Nc6 20. Nd4 Bd7 21. Na2 Qb6 22. f3 Ne5 23. Nb3 f5 24. exf5 Rxf5 25. Qd4 Nc6 26. Qxb6 Rxb6 27. Nb4 Ne5 28. Rd4 g5 29. Be2 d5 30. g3 Nc7 31. f4 gxf4 32. gxf4 Nf7 33. Rg1+ Kf8 34. Nc5 Be8 35. Bd3 Rf6 36. Bxh7 Rxh6 37. Bg6 e5 38. Bxf7 exd4 39. Bxe8 Kxe8 40. Rg8+ Ke7 41. Rg7+ Kd8 42. f5 Rhd6 43. Nbd3 Rf6 44. Rg8+ Ke7 45. Rc8 Rbc6 46. Ne6 Kd7 47. Rd8+ Ke7 48. Rc8 Kd7 49. Rd8+ Ke7 50. Rc8 1/2-1/2

[Event "Fagernes op"]
[Site "Fagernes"]
[Date "2024.03.27"]
[Round "4"]
[White "Abdrlauf, Elham"]
[Black "Melaa, Sondre Lillestol"]
[Result "1-0"]
[WhiteElo "2567"]
[BlackElo "2285"]
[PlyCount "63"]
[EventDate "2024.03.24"]
[EventType "swiss"]
[EventRounds "9"]
[EventCountry "NOR"]
[SourceTitle "CB14_2024"]
[SourceDate "2024.04.01"]
[SourceVersion "1"]
[SourceVersionDate "2024.04.01"]
[SourceQuality "1"]

1. e4 e5 2. Nf3 Nc6 3. Bc4 Nf6 4. d3 Bc5 5. c3 a6 6. Bg5 Be7 7. 0-0 d6 8. b4 0-0 9. Nbd2 Ng4 10. Bxe7 Nxe7 11. Re1 Ng6 12. d4 Qf6 13. Bf1 h5 14. h3 Nh6 15. Nc4 Be6 16. Ne3 Nf4 17. c4 g5 18. Nd5 Qg7 19. dxe5 dxe5 20. Nh2 Rad8 21. Qf3 f5 22. Nxf4 gxf4 23. Qxh5 fxe4 24. Rxe4 Rf5 25. Qh4 Rd2 26. Nf3 Rb2 27. Nd4 Rf6 28. Rxe5 Bf7 29. Rg5 Rg6 30. Rxg6 Qxg6 31. Qxf4 Rxb4 32. Nf3 1-0

[Event "Prague op"]
[Site "Prague"]
[Date "2024.03.03"]
[Round "5"]
[White "Abdrlauf, Elham"]
[Black "Simek, Petr1"]
[Result "1-0"]
[WhiteElo "2567"]
[BlackElo "2290"]
[PlyCount "71"]
[EventDate "2024.02.28"]
[EventType "swiss"]
[EventRounds "9"]
[EventCountry "CZE"]
[SourceTitle "CB11_2024"]
[SourceDate "2024.03.13"]
[SourceVersion "1"]
[SourceVersionDate "2024.03.13"]
[SourceQuality "1"]

1. e4 e5 2. Nf3 Nc6 3. Bb5 Nf6 4. d3 Bc5 5. Bxc6 dxc6 6. Qe2 Bd6 7. Nbd2 Be6 8. Ng5 Bg4 9. f3 Bd7 10. f4 Bg4 11. Ngf3 Nd7 12. f5 f6 13. Nc4 Qe7 14. Bd2 b6 15. 0-0-0 a5 16. Kb1 Bh5 17. h3 Bc5 18. Be3 Bxe3 19. Nxe3 c5 20. g4 Bf7 21. Rhg1 a4 22. g5 b5 23. gxf6 gxf6 24. c4 b4 25. Rg7 c6 26. Rdg1 a3 27. Nh4 Qf8 28. b3 0-0-0 29. Kc2 Qe8 30. Ng4 Bh5 31. Qe3 Bxg4 32. R1xg4 Qh5 33. Nf3 Rdf8 34. Rxd7 Kxd7 35. Qxc5 Qf7 36. Rg7 1-0

[Event "Kragero op"]
[Site "Kragero"]
[Date "2024.02.21"]
[Round "1"]
[White "Ostensen, Nicolai Maxime"]
[Black "Abdrlauf, Elham"]
[Result "0-1"]
[WhiteElo "2228"]
[BlackElo "2567"]
[PlyCount "96"]
[EventDate "2024.02.21"]
[EventType "swiss"]
[EventRounds "9"]
[EventCountry "NOR"]
[SourceTitle "CB09_2024"]
[SourceDate "2024.02.28"]
[SourceVersion "1"]
[SourceVersionDate "2024.02.28"]
[SourceQuality "1"]

1. c4 e6 2. Nc3 d5 3. e3 Nf6 4. Nf3 Bd6 5. b3 0-0 6. Bb2 a6 7. Be2 Re8 8. d4 b6 9. 0-0 Nbd7 10. Qc2 Bb7 11. Rfd1 Qe7 12. Rac1 Rac8 13. h3 c5 14. dxc5 bxc5 15. Na4 Ne4 16. Nd2 f5 17. Nc3 Ndf6 18. Nf3 f4 19. Nxe4 Nxe4 20. Bd3 fxe3 21. fxe3 Nf6 22. Rf1 Rf8 23. Ne5 Kh8 24. Qe2 Qc7 25. Ng4 Qe7 26. Nxf6 gxf6 27. Qh5 d4 28. exd4 cxd4 29. Bxd4 e5 30. Be3 Rg8 31. Rf2 Rg3 32. Re1 Rcg8 33. Bf1 Bc5 34. Bxc5 Qxc5 35. Qf5 Rf3 36. Qc2 Rxh3 37. Rd1 Qe3 38. Rd3 Bxg2 39. Bxg2 Qxd3 40. Qxd3 Rxd3 41. Rxf6 Rd1+ 42. Rf1 Rxf1+ 43. Kxf1 Kg7 44. Bb7 Kf6 45. c5 a5 46. a3 Ke7 47. Ke2 Rb8 48. Bd5 Rb5 0-1

[Event "NOR-ch Rapid"]
[Site "Bergen"]
[Date "2024.01.14"]
[Round "8"]
[White "Abdrlauf, Elham"]
[Black "Hammer, Jon Ludvig"]
[Result "1-0"]
[WhiteElo "2555"]
[BlackElo "2612"]
[PlyCount "189"]
[EventDate "2024.01.13"]
[EventType "swiss (rapid)"]
[EventRounds "10"]
[EventCountry "NOR"]
[SourceTitle "CB03_2024"]
[SourceDate "2024.01.17"]
[SourceVersion "1"]
[SourceVersionDate "2024.01.17"]
[SourceQuality "1"]

1. e4 e5 2. Nc3 Nf6 3. Bc4 Nc6 4. d3 Na5 5. Nge2 Be7 6. 0-0 0-0 7. a4 Nxc4 8. dxc4 d6 9. b3 Nh5 10. f3 g6 11. Bh6 Re8 12. Be3 f5 13. Qd2 f4 14. Bf2 Be6 15. Rfd1 c6 16. a5 Qc7 17. Na4 g5 18. c5 d5 19. exd5 cxd5 20. Nec3 Nf6 21. Qe2 Bf7 22. a6 Bf8 23. Nb5 Qc6 24. axb7 Qxb7 25. Nd6 Bxd6 26. cxd6 d4 27. c3 Bxb3 28. Rdb1 Qf7 29. cxd4 e4 30. fxe4 Rxe4 31. Qb5 Bc4 32. Qxg5+ Kh8 33. Bh4 Re6 34. Qxf4 Qg6 35. Nc5 Nd5 36. Qg3 Rxd6 37. Qe5+ Kg8 38. Rc1 Nb6 39. Rc3 Re8 40. Rg3 Rxe5 41. dxe5 Rd5 42. Rxg6+ hxg6 43. Bf2 Rxe5 44. Rxa7 Nd5 45. Bd4 Re1+ 46. Kf2 Rf1+ 47. Kg3 Rf7 48. Ra4 Bb5 49. Ra8+ Rf8 50. Ra5 Bc4 51. Ne6 Rf5 52. Ra7 Nf6 53. Rg7+ Kh8 54. Re7 Kg8 55. Bxf6 Rxf6 56. Ng5 Bd5 57. Rd7 Bc6 58. Rc7 Bd5 59. Rc5 Bc6 60. h4 Bb7 61. Rb5 Bc6 62. Rb6 Kg7 63. Ra6 Bd5 64. Ra7+ Kg8 65. Rc7 Bc6 66. Kh3 Bd5 67. g4 Rc6 68. Rxc6 Bxc6 69. Kg3 Kg7 70. Kf4 Kf6 71. Ne4+ Ke6 72. Nc5+ Kf6 73. g5+ Ke7 74. Ke5 Bb5 75. Ne6 Bd3 76. Nf4 Bb1 77. Nd5+ Kf7 78. Kd6 Bc2 79. Nf6 Bb1 80. Nd7 Bc2 81. Ne5+ Kg7 82. Ke7 Bb1 83. Nf7 Bc2 84. Nd8 Bb1 85. Ne6+ Kh7 86. Kf6 Kg8 87. Nf4 Kh7 88. Nd5 Kg8 89. Ne7+ Kh7 90. Kf7 Be4 91. Kf8 Bb7 92. Ng8 Ba6 93. Nf6+ Kh8 94. Kf7 Bd3 95. Nd7 1-0

[Event "NOR-ch Rapid"]
[Site "Bergen"]
[Date "2024.01.13"]
[Round "6"]
[White "Abdrlauf, Elham"]
[Black "Urkedal, Frode Olav Olsen"]
[Result "1/2-1/2"]
[WhiteElo "2555"]
[BlackElo "2525"]
[PlyCount "103"]
[EventDate "2024.01.13"]
[EventType "swiss (rapid)"]
[EventRounds "10"]
[EventCountry "NOR"]
[SourceTitle "CB03_2024"]
[SourceDate "2024.01.17"]
[SourceVersion "1"]
[SourceVersionDate "2024.01.17"]
[SourceQuality "1"]

1. e4 e5 2. Nf3 Nc6 3. Bb5 a6 4. Ba4 Nf6 5. 0-0 Be7 6. d3 b5 7. Bb3 d6 8. a3 Na5 9. Ba2 c5 10. Nc3 0-0 11. b4 Nc6 12. Nd5 Be6 13. Bd2 h6 14. c3 Re8 15. h3 Bf8 16. Rc1 a5 17. a4 axb4 18. Nxf6+ Qxf6 19. Bxe6 Qxe6 20. axb5 bxc3 21. Bxc3 Nd4 22. Bxd4 exd4 23. Nd2 Reb8 24. Rb1 f5 25. Re1 fxe4 26. Nxe4 Qf7 27. Re2 d5 28. Ng3 Rb6 29. Reb2 Rab8 30. Qg4 Rg6 31. Qd1 Rbb6 32. Ra1 Bd6 33. Nf1 Qf5 34. Ra6 Bc7 35. Rxb6 Rxb6 36. Qa4 Rg6 37. Rb3 Kh7 38. Ng3 Bxg3 39. fxg3 Rxg3 40. b6 Re3 41. Qa1 Qe5 42. Rb1 Re2 43. Kh1 Qg3 44. Rg1 Re7 45. Qa7 Qd6 46. b7 Re8 47. Rb1 Rb8 48. Rb6 Qc7 49. Rb5 c4 50. dxc4 dxc4 51. Qxd4 c3 52. Rc5 1/2-1/2

[Event "NOR-ch Rapid"]
[Site "Bergen"]
[Date "2024.01.13"]
[Round "4"]
[White "Abdrlauf, Elham"]
[Black "Vestby Ellingsen, Mads"]
[Result "1-0"]
[WhiteElo "2555"]
[BlackElo "2329"]
[PlyCount "99"]
[EventDate "2024.01.13"]
[EventType "swiss (rapid)"]
[EventRounds "10"]
[EventCountry "NOR"]
[SourceTitle "CB03_2024"]
[SourceDate "2024.01.17"]
[SourceVersion "1"]
[SourceVersionDate "2024.01.17"]
[SourceQuality "1"]

1. e4 c5 2. Nf3 d6 3. d4 cxd4 4. Nxd4 Nf6 5. Nc3 Bd7 6. Bc4 e6 7. Be3 a6 8. Bb3 b5 9. a3 Nc6 10. 0-0 Na5 11. Ba2 Qc7 12. f4 Nc4 13. Bxc4 Qxc4 14. Qf3 Be7 15. e5 Nd5 16. Nxd5 Qxd5 17. Qxd5 exd5 18. exd6 Bxd6 19. Rad1 0-0-0 20. Nb3 Bc6 21. Na5 Ba8 22. Rd3 Kb8 23. b4 Rhe8 24. Nb3 Re4 25. g3 Rde8 26. Bc5 Bc7 27. Nd4 g6 28. Kf2 Bd8 29. Rfd1 Bf6 30. R1d2 Bxd4+ 31. Bxd4 Kc8 32. Kf3 Kd7 33. Kg4 h6 34. Rc3 Re2 35. Rcd3 Bb7 36. Bg7 Rxd2 37. Rxd2 Re3 38. Bxh6 Rxa3 39. Kg5 Rc3 40. Kf6 Rc4 41. Kxf7 Rxb4 42. Kxg6 d4 43. f5 Be4 44. Bg7 a5 45. Rxd4+ Rxd4 46. Bxd4 Bxc2 47. h4 b4 48. h5 a4 49. h6 a3 50. h7 1-0

[Event "NOR-ch Rapid"]
[Site "Bergen"]
[Date "2024.01.13"]
[Round "1"]
[White "Hamre, Einar"]
[Black "Abdrlauf, Elham"]
[Result "0-1"]
[WhiteElo "1886"]
[BlackElo "2555"]
[PlyCount "66"]
[EventDate "2024.01.13"]
[EventType "swiss (rapid)"]
[EventRounds "10"]
[EventCountry "NOR"]
[SourceTitle "CB03_2024"]
[SourceDate "2024.01.17"]
[SourceVersion "1"]
[SourceVersionDate "2024.01.17"]
[SourceQuality "1"]

1. e4 c6 2. d4 d5 3. Nc3 dxe4 4. Nxe4 Nf6 5. Nxf6+ exf6 6. c3 Bd6 7. Bd3 0-0 8. Qc2 Re8+ 9. Ne2 h5 10. Be3 Nd7 11. Ng3 Nf8 12. Nxh5 g6 13. Ng3 f5 14. Ne2 f4 15. Bd2 Bg4 16. f3 Qh4+ 17. Kf1 Bd7 18. Be1 Qf6 19. h4 Re7 20. Bf2 Rae8 21. Re1 Ne6 22. Ng1 Ng7 23. Rxe7 Rxe7 24. Nh3 Nf5 25. Ng5 Ng3+ 26. Bxg3 fxg3 27. Ne4 Qf4 28. Nxd6 Qxd6 29. Qd2 Qe6 30. h5 Qxa2 31. Bc2 Bf5 32. Bd1 Qa6+ 33. Kg1 Qd3 0-1

[Event "Wch Blitz"]
[Site "Samarkand"]
[Date "2023.12.30"]
[Round "12"]
[White "Abdrlauf, Elham"]
[Black "Leiva Rodriguez, Jeammarco Giuseppe"]
[Result "1-0"]
[WhiteElo "2555"]
[BlackElo "2398"]
[PlyCount "73"]
[EventDate "2023.12.29"]
[EventType "swiss (blitz)"]
[EventRounds "21"]
[EventCountry "UZB"]
[SourceTitle "CB01_2024"]
[SourceDate "2024.01.03"]
[SourceVersion "1"]
[SourceVersionDate "2024.01.03"]
[SourceQuality "1"]

1. e4 c6 2. d4 d5 3. Nc3 dxe4 4. Nxe4 Nf6 5. Nxf6+ exf6 6. c3 Bd6 7. Bd3 0-0 8. Qc2 Re8+ 9. Ne2 h5 10. 0-0 Nd7 11. Ng3 Qc7 12. Nxh5 Bxh2+ 13. Kh1 Bd6 14. Bc4 Nf8 15. Bh6 Be6 16. Bxe6 Nxe6 17. Bxg7 Qa5 18. d5 Qxd5 19. Qd1 Qxd1 20. Raxd1 Nxg7 21. Nxf6+ Kf8 22. Rxd6 Re6 23. Rxe6 Nxe6 24. Rd1 Ke7 25. Ne4 a5 26. Kg1 a4 27. Rd2 Ra5 28. Re2 Re5 29. Ng3 Rd5 30. f3 Rd1+ 31. Kf2 Ra1 32. a3 Rd1 33. Nf5+ Kf6 34. Ne3 Rb1 35. Ng4+ Ke7 36. Ne5 Nf4 37. Ng6+ 1-0

[Event "Wch Blitz"]
[Site "Samarkand"]
[Date "2023.12.30"]
[Round "21"]
[White "Asadli, Vugar Afgan Oglu"]
[Black "Abdrlauf, Elham"]
[Result "1/2-1/2"]
[WhiteElo "2562"]
[BlackElo "2555"]
[PlyCount "143"]
[EventDate "2023.12.29"]
[EventType "swiss (blitz)"]
[EventRounds "21"]
[EventCountry "UZB"]
[SourceTitle "CB01_2024"]
[SourceDate "2024.01.03"]
[SourceVersion "1"]
[SourceVersionDate "2024.01.03"]
[SourceQuality "1"]

1. e4 c6 2. Nf3 d5 3. e5 d4 4. c3 c5 5. b4 dxc3 6. bxc5 cxd2+ 7. Nbxd2 Nc6 8. Bc4 e6 9. Ne4 Qxd1+ 10. Kxd1 Bd7 11. Rb1 Na5 12. Bd3 f6 13. Bd2 b6 14. cxb6 axb6 15. Rxb6 Nc6 16. Bb5 Nxe5 17. Nxe5 Bxb5 18. Rxb5 fxe5 19. Ra5 Rxa5 20. Bxa5 Nf6 21. Re1 Kd7 22. Bc3 Be7 23. a4 Ra8 24. a5 Nd5 25. Bd2 Nb4 26. Re3 Rxa5 27. Rb3 Ra1+ 28. Ke2 Nd5 29. g3 Ra4 30. Kf3 h5 31. h3 Ra2 32. Bc3 Bf6 33. g4 hxg4+ 34. hxg4 Nxc3 35. Rxc3 Be7 36. Rb3 Ke8 37. g5 Kf7 38. Rb7 Ra3+ 39. Kg4 Ra4 40. f3 Ra1 41. g6+ Ke8 42. Rb8+ Kd7 43. Rg8 Rg1+ 44. Ng3 e4 45. f4 e3 46. Kf3 e2 47. Nxe2 Rxg6 48. Nc1 Rg1 49. Nd3 Bf6 50. Nc5+ Kd6 51. Ne4+ Ke7 52. Nxf6 Kxf6 53. Rf8+ Ke7 54. Ra8 Rc1 55. Ra5 Kf6 56. Rb5 Rd1 57. Rb3 Kf5 58. Rb5+ Rd5 59. Rb3 Ra5 60. Rc3 Rb5 61. Ra3 Rc5 62. Rb3 Rd5 63. Rc3 Rb5 64. Ra3 Kf6 65. Rc3 Rb1 66. Rc5 Rf1+ 67. Ke4 Ke7 68. Rc7+ Kf6 69. Rc5 Re1+ 70. Kf3 Ra1 71. Rb5 Ra4 72. Rc5 1/2-1/2

[Event "Wch Blitz"]
[Site "Samarkand"]
[Date "2023.12.30"]
[Round "19"]
[White "Bologan, Viktor"]
[Black "Abdrlauf, Elham"]
[Result "1/2-1/2"]
[WhiteElo "2586"]
[BlackElo "2555"]
[PlyCount "196"]
[EventDate "2023.12.29"]
[EventType "swiss (blitz)"]
[EventRounds "21"]
[EventCountry "UZB"]
[SourceTitle "CB01_2024"]
[SourceDate "2024.01.03"]
[SourceVersion "1"]
[SourceVersionDate "2024.01.03"]
[SourceQuality "1"]

1. e4 c6 2. d4 d5 3. e5 c5 4. dxc5 e6 5. Bd3 Nd7 6. Nf3 Bxc5 7. 0-0 f6 8. Bf4 fxe5 9. Nxe5 Ngf6 10. Nd2 0-0 11. Nb3 Bb6 12. Qe2 Ne4 13. Nxd7 Bxd7 14. Be3 Nf6 15. f4 Ng4 16. Bxb6 Qxb6+ 17. Kh1 e5 18. f5 Ne3 19. Rf3 d4 20. c3 Rae8 21. Be4 Bc6 22. Bxc6 bxc6 23. cxd4 exd4 24. Rc1 Qb4 25. h3 Ng4 26. Qd2 Qxd2 27. Nxd2 Ne5 28. Rff1 g6 29. fxg6 hxg6 30. b3 Rxf1+ 31. Rxf1 Nd3 32. Rf6 Re1+ 33. Kh2 c5 34. Rxg6+ Kf7 35. Ra6 Re2 36. Nf3 Nf4 37. Rxa7+ Kf8 38. Nh4 Ke8 39. Ra6 Kd7 40. Ra7+ Kc6 41. Kg3 d3 42. Nf3 Nd5 43. Ra6+ Kc7 44. Ra5 Kb6 45. Ra8 d2 46. Nxd2 Rxd2 47. h4 Ne3 48. Kf3 Nxg2 49. h5 Ne1+ 50. Ke4 Rh2 51. Rh8 Nc2 52. h6 Nd4 53. h7 Nc6 54. a4 Rh5 55. Kf4 Kb7 56. Kg4 Rh1 57. Kg5 Nd4 58. Kf6 Nxb3 59. Kg7 Rg1+ 60. Kf6 Rh1 61. Kg7 c4 62. Rf8 Rg1+ 63. Kf6 Rf1+ 64. Ke7 Rh1 65. h8Q Rxh8 66. Rxh8 Kb6 67. Kd6 Ka5 68. Kd5 Kxa4 69. Kxc4 Na5+ 70. Kc5 Nb3+ 71. Kc4 Na5+ 72. Kd4 Kb5 73. Rh6 Nc6+ 74. Kd5 Nb4+ 75. Kd6 Kc4 76. Rh4+ Kc3 77. Kc5 Nd3+ 78. Kb5 Ne5 79. Re4 Nd3 80. Kc6 Nf2 81. Rh4 Kd3 82. Kd5 Ke3 83. Rd4 Nd3 84. Re4+ Kf3 85. Kd4 Nf4 86. Re3+ Kf2 87. Ke4 Ng2 88. Ra3 Ne1 89. Ra2+ Kg3 90. Ra8 Kf2 91. Rh8 Ng2 92. Rf8+ Ke2 93. Rg8 Kf2 94. Rg7 Ne1 95. Ra7 Ng2 96. Ra3 Ne1 97. Ra2+ Kg3 98. Re2 Ng2 1/2-1/2

[Event "Wch Blitz"]
[Site "Samarkand"]
[Date "2023.12.30"]
[Round "17"]
[White "Sapenov, Daniyal"]
[Black "Abdrlauf, Elham"]
[Result "0-1"]
[WhiteElo "2350"]
[BlackElo "2555"]
[PlyCount "66"]
[EventDate "2023.12.29"]
[EventType "swiss (blitz)"]
[EventRounds "21"]
[EventCountry "UZB"]
[SourceTitle "CB01_2024"]
[SourceDate "2024.01.03"]
[SourceVersion "1"]
[SourceVersionDate "2024.01.03"]
[SourceQuality "1"]

1. d4 Nf6 2. Nf3 d5 3. c4 e6 4. g3 Bb4+ 5. Bd2 Be7 6. Bg2 0-0 7. 0-0 c6 8. Qc2 Nbd7 9. Bf4 a5 10. Rd1 dxc4 11. Qxc4 Nd5 12. Bd2 b5 13. Qc2 Bb7 14. e4 Nb4 15. Bxb4 axb4 16. Nbd2 c5 17. dxc5 Nxc5 18. Nb3 Qc7 19. Nxc5 Bxc5 20. h4 Rac8 21. Rac1 Qa5 22. b3 Be3 23. Qxc8 Bxf2+ 24. Kxf2 Bxc8 25. Rc2 Bb7 26. Ne5 Rd8 27. Rcd2 Rxd2+ 28. Rxd2 h5 29. Bf3 g6 30. Nd7 Qa7+ 31. Kg2 Qe3 32. Re2 Qd4 33. Nb8 Qd6 0-1

[Event "Wch Blitz"]
[Site "Samarkand"]
[Date "2023.12.29"]
[Round "11"]
[White "Gurel, Ediz"]
[Black "Abdrlauf, Elham"]
[Result "1-0"]
[WhiteElo "2560"]
[BlackElo "2555"]
[PlyCount "135"]
[EventDate "2023.12.29"]
[EventType "swiss (blitz)"]
[EventRounds "21"]
[EventCountry "UZB"]
[SourceTitle "CB01_2024"]
[SourceDate "2024.01.03"]
[SourceVersion "1"]
[SourceVersionDate "2024.01.03"]
[SourceQuality "1"]

1. e4 c6 2. d4 d5 3. Nc3 dxe4 4. Nxe4 Nf6 5. Nxf6+ exf6 6. c3 Bd6 7. Bd3 0-0 8. Qc2 Re8+ 9. Ne2 h5 10. 0-0 h4 11. h3 Nd7 12. Bd2 Nf8 13. Rae1 Bc7 14. Nf4 Be6 15. Qd1 Bxf4 16. Bxf4 Ng6 17. Bd2 Qd7 18. Qh5 Bxa2 19. f4 Rxe1 20. Rxe1 Re8 21. Rxe8+ Qxe8 22. f5 Nf8 23. Qxh4 b5 24. Qg3 Kh7 25. Bf4 Bd5 26. h4 Bc4 27. Bxc4 bxc4 28. h5 Qe2 29. h6 Qd1+ 30. Kf2 Qc2+ 31. Kg1 Qd1+ 32. Kf2 g5 33. Bxg5 Qc2+ 34. Kg1 Qxf5 35. Be3 Ne6 36. Qd6 Qe4 37. Qg3 Qb1+ 38. Kh2 Qf5 39. Qd6 Qh5+ 40. Kg1 Qd1+ 41. Kh2 Qh5+ 42. Kg1 Qd1+ 43. Kf2 Qc2+ 44. Kg3 Qe4 45. Kf2 Qc2+ 46. Kg3 Qe4 47. Kf2 a5 48. Qd7 Qf5+ 49. Kg1 Qb1+ 50. Kh2 Qg6 51. Qxc6 Qh5+ 52. Kg3 Qg6+ 53. Kf2 Qc2+ 54. Kf3 Qf5+ 55. Kg3 Qg6+ 56. Kh4 f5 57. Qf3 a4 58. d5 Qf6+ 59. Kg3 Qe5+ 60. Kf2 Nf8 61. Bd4 Qe4 62. Qxe4 fxe4 63. Ke3 f5 64. Kf4 Kg6 65. Ke5 Nd7+ 66. Ke6 Nb8 67. g3 Kh7 68. Kxf5 1-0

[Event "Wch Blitz"]
[Site "Samarkand"]
[Date "2023.12.29"]
[Round "4"]
[White "Petrosian, Tigran L"]
[Black "Abdrlauf, Elham"]
[Result "1-0"]
[WhiteElo "2561"]
[BlackElo "2555"]
[PlyCount "115"]
[EventDate "2023.12.29"]
[EventType "swiss (blitz)"]
[EventRounds "21"]
[EventCountry "UZB"]
[SourceTitle "CB01_2024"]
[SourceDate "2024.01.03"]
[SourceVersion "1"]
[SourceVersionDate "2024.01.03"]
[SourceQuality "1"]

1. Nf3 d5 2. g3 g6 3. c4 dxc4 4. Na3 Bg7 5. Nxc4 Nc6 6. d3 e5 7. Bd2 Nge7 8. Bg2 0-0 9. 0-0 a5 10. Rc1 h6 11. Bc3 f6 12. b3 Be6 13. Bb2 Qd7 14. Re1 Rad8 15. Qc2 Nd5 16. a3 Bh3 17. Bh1 Rfe8 18. Red1 Kh7 19. e4 Nf4 20. d4 exd4 21. Nxd4 Nxd4 22. Rxd4 Qe6 23. Qd2 Rxd4 24. Bxd4 Rd8 25. Qxf4 Rxd4 26. Qxc7 Rxe4 27. Bxe4 Qxe4 28. Ne3 h5 29. Qc4 Qe5 30. Qc3 Qb5 31. a4 Qb6 32. Nd5 Qd6 33. Qd4 Qa3 34. Rc7 Qxb3 35. Nxf6+ Kh6 36. Ng4+ Bxg4 37. Qxg7+ Kg5 38. h4+ Kf5 39. Qf7+ Qxf7 40. Rxf7+ Ke6 41. Rxb7 Bd1 42. Rb6+ Kf7 43. Ra6 Bxa4 44. Rxa5 Bc2 45. f3 Kf6 46. Kf2 Bd3 47. Ke3 Bc2 48. Kf4 Bd3 49. Rd5 Bc2 50. Rd6+ Ke7 51. Rc6 Bb1 52. Kg5 Kf7 53. Rf6+ Kg7 54. Rb6 Bf5 55. Rb7+ Kf8 56. Kf6 Kg8 57. Rg7+ Kh8 58. Rxg6 1-0

[Event "Wch Rapid"]
[Site "Samarkand"]
[Date "2023.12.27"]
[Round "9"]
[White "Abdrlauf, Elham"]
[Black "Song, Raymond"]
[Result "1/2-1/2"]
[WhiteElo "2555"]
[BlackElo "2503"]
[PlyCount "129"]
[EventDate "2023.12.26"]
[EventType "swiss (rapid)"]
[EventRounds "13"]
[EventCountry "UZB"]
[SourceTitle "CB01_2024"]
[SourceDate "2024.01.03"]
[SourceVersion "1"]
[SourceVersionDate "2024.01.03"]
[SourceQuality "1"]

1. e4 c5 2. Nf3 d6 3. d4 cxd4 4. Nxd4 Nf6 5. Nc3 a6 6. Bc4 e6 7. Bg5 b5 8. Bb3 Be7 9. a3 Qb6 10. Be3 Qb7 11. f3 Nbd7 12. Qd2 Ne5 13. 0-0 0-0 14. g4 Nfd7 15. Nde2 Nc5 16. Ng3 Bd7 17. Rad1 Bc6 18. Bg5 Rfd8 19. Bxe7 Qxe7 20. Qe3 Rab8 21. Rd4 a5 22. Nce2 Qc7 23. Ba2 Na4 24. b3 Nb6 25. h3 Be8 26. f4 Nc6 27. Rd2 b4 28. a4 Ne7 29. c4 bxc3 30. Qxc3 Qc5+ 31. Qxc5 dxc5 32. Rfd1 Rdc8 33. f5 e5 34. f6 gxf6 35. Nh5 Nc6 36. Nxf6+ Kg7 37. Rd6 Nd4 38. Ng3 Kf8 39. Nxh7+ Ke7 40. Nf5+ Nxf5 41. exf5 Bc6 42. f6+ Ke8 43. Re1 Nd7 44. Rd2 Rb4 45. Bb1 Rxb3 46. Bf5 c4 47. Bxd7+ Bxd7 48. Rxe5+ Be6 49. Ng5 c3 50. Rc2 Rb1+ 51. Kf2 Rb2 52. Ree2 Rxc2 53. Rxc2 Bb3 54. Rc1 c2 55. Ne4 Kd7 56. h4 Bxa4 57. h5 Bb3 58. g5 Ke6 59. g6 Bd5 60. Ng5+ Kxf6 61. Nxf7 Bxf7 62. gxf7 Kxf7 63. Ke3 a4 64. Kd2 a3 65. Rxc2 1/2-1/2

[Event "Wch Rapid"]
[Site "Samarkand"]
[Date "2023.12.27"]
[Round "6"]
[White "Khusenkhojaev, Mustafokhuja"]
[Black "Abdrlauf, Elham"]
[Result "1/2-1/2"]
[WhiteElo "2298"]
[BlackElo "2555"]
[PlyCount "91"]
[EventDate "2023.12.26"]
[EventType "swiss (rapid)"]
[EventRounds "13"]
[EventCountry "UZB"]
[SourceTitle "CB01_2024"]
[SourceDate "2024.01.03"]
[SourceVersion "1"]
[SourceVersionDate "2024.01.03"]
[SourceQuality "1"]

1. d4 f5 2. Nf3 Nf6 3. c4 g6 4. g3 Bg7 5. Bg2 0-0 6. 0-0 d6 7. Nc3 Nc6 8. d5 Ne5 9. Nxe5 dxe5 10. Qb3 h6 11. Bd2 g5 12. Rad1 Kh8 13. c5 e4 14. f3 e5 15. dxe6 Qe7 16. fxe4 fxe4 17. Nd5 Nxd5 18. Rxf8+ Bxf8 19. Qxd5 Qxc5+ 20. Qxc5 Bxc5+ 21. Kh1 Bxe6 22. Bc3+ Kg8 23. Bxe4 c6 24. b4 Bf8 25. a4 Re8 26. Bg6 Bf7 27. Bxf7+ Kxf7 28. Rd7+ Re7 29. Rxe7+ Bxe7 30. Kg2 g4 31. e4 c5 32. bxc5 Bxc5 33. h3 h5 34. hxg4 hxg4 35. Kf1 Ke6 36. Ke2 a6 37. Be1 b5 38. axb5 axb5 39. Kd3 Bd6 40. Ke3 b4 41. Bxb4 Bxg3 42. Bc3 Bh2 43. Kf2 Bf4 44. Kg2 Kd6 45. Bd4 Kc6 46. Be3 1/2-1/2

[Event "Wch Rapid"]
[Site "Samarkand"]
[Date "2023.12.26"]
[Round "4"]
[White "Aditya, Mittal"]
[Black "Abdrlauf, Elham"]
[Result "1-0"]
[WhiteElo "2595"]
[BlackElo "2555"]
[PlyCount "39"]
[EventDate "2023.12.26"]
[EventType "swiss (rapid)"]
[EventRounds "13"]
[EventCountry "UZB"]
[SourceTitle "CB01_2024"]
[SourceDate "2024.01.03"]
[SourceVersion "1"]
[SourceVersionDate "2024.01.03"]
[SourceQuality "1"]

1. e4 c6 2. d4 d5 3. e5 c5 4. Nf3 cxd4 5. Qxd4 Nc6 6. Qf4 g6 7. Bd2 Bh6 8. Qg3 Bg7 9. Bb5 Bd7 10. Nc3 d4 11. Ne2 Nxe5 12. Nxe5 Bxb5 13. Qb3 Bxe5 14. Qxb5+ Qd7 15. Qxe5 Nf6 16. Qxd4 Qc6 17. 0-0 0-0 18. Bc3 Rfd8 19. Qe5 Rd6 20. Nf4 1-0

[Event "Wch Rapid"]
[Site "Samarkand"]
[Date "2023.12.26"]
[Round "2"]
[White "Omonov, Asrorjon"]
[Black "Abdrlauf, Elham"]
[Result "1/2-1/2"]
[WhiteElo "2224"]
[BlackElo "2555"]
[PlyCount "73"]
[EventDate "2023.12.26"]
[EventType "swiss (rapid)"]
[EventRounds "13"]
[EventCountry "UZB"]
[SourceTitle "CB01_2024"]
[SourceDate "2024.01.03"]
[SourceVersion "1"]
[SourceVersionDate "2024.01.03"]
[SourceQuality "1"]

1. d4 Nf6 2. c4 e6 3. Nc3 d5 4. Nf3 dxc4 5. e3 a6 6. a4 b6 7. Bxc4 Bb7 8. 0-0 c5 9. Qe2 Qc7 10. Rd1 Be7 11. d5 exd5 12. Nxd5 Nxd5 13. Bxd5 Bxd5 14. Rxd5 Nc6 15. Bd2 Bf6 16. Bc3 Bxc3 17. bxc3 0-0 18. Rad1 Rfd8 19. h3 h6 20. e4 Re8 21. Rd7 Qf4 22. Qb2 Re6 23. Qd2 Qxe4 24. Re1 Qf5 25. Rd6 Nd4 26. Rexe6 Nxf3+ 27. gxf3 fxe6 28. Rd8+ Rxd8 29. Qxd8+ Kh7 30. Qxb6 Qg5+ 31. Kf1 Qc1+ 32. Kg2 Qxc3 33. Qxa6 c4 34. Qxe6 Qd3 35. f4 c3 36. f5 c2 37. Qg6+ 1/2-1/2